000 00620nam a2200181Ia 4500
003 OSt
005 20260331103840.0
008 211028s2010 xx 000 0 und d
040 _cAIMIT LIBRARY
041 _aeng
082 _a658.3 SHER
100 _aShetty, Rakesh M;Dhananjay K.
_g816101
_96670
245 _aAnalyzing the market potential for job certification and training programs in Dakshina Kannada and Udupi Districts, offered by knowledge varsity Bangalore /
260 _bDhananjay K
_c2010
600 _aHuman Resource Management
_96671
650 _aHuman Resource Management
_96672
942 _2ddc
_cPRO
999 _c218315
_d218315